Redefining 'Employer' and the Impact on Alabama's Workers and Small Business Owners.

Bibliographic Details
Corporate Author: United States. Congress. House. Committee on Education and the Workforce. Subcommittee on Health, Employment, Labor, and Pensions
Format: Government Document eBook
Language:English
Published: Bethesda, Md. : ProQuest, 2015.
Subjects:
Online Access:Electronic resource (PDF)

MARC

Tag First Indicator Second Indicator Subfields
LEADER 00000cam a22000001i 4500
001 in00004127721
005 20200117100727.0
006 m d f
007 cr bn mmmapmmp
008 160921s2015 mdu o f000 0 eng d
035 |a chdc20160713 
040 |a UMI  |b eng  |e rda  |c UMI  |d UtOrBLW 
043 |a n-us-al  |a n-us--- 
086 0 |a Y 4.ED 8/1:114-25 
110 1 |a United States.  |b Congress.  |b House.  |b Committee on Education and the Workforce.  |b Subcommittee on Health, Employment, Labor, and Pensions.  |0 http://id.loc.gov/authorities/names/no2011080163 
245 1 0 |a Redefining 'Employer' and the Impact on Alabama's Workers and Small Business Owners. 
264 1 |a Bethesda, Md. :  |b ProQuest,  |c 2015. 
300 |a 45 pages, digital, PDF file. 
336 |a text  |2 rdacontent  |b txt 
337 |a computer  |b c  |2 rdamedia 
338 |a online resource  |2 rdacarrier  |b cr 
500 |a Record is based on bibliographic data in ProQuest U.S. Congressional Hearings Digital Collection. Reuse except for individual research requires license from ProQuest, LLC. 
533 |a Electronic reproduction.  |b [Bethesda, Md.] :  |c ProQuest,  |d 2016.  |e digital, PDF file.  |n ProQuest Congressional Hearings Digital Collection.  |n Mode of access: World Wide Web via ProQuest website. 
538 |a System requirements: PDF reader software. 
610 1 0 |a United States.  |b National Labor Relations Board.  |0 http://id.loc.gov/authorities/names/n79022254 
650 0 |a Franchises (Retail trade)  |z Alabama. 
650 0 |a Administrative procedure  |z United States.  |0 http://id.loc.gov/authorities/subjects/sh2007100597 
776 0 8 |i Microfiche version:   |a United States. Congress. House. Committee on Education and the Workforce. Subcommittee on Health, Employment, Labor and Pensions.  |t Redefining 'Employer' and the Impact on Alabama's Workers and Small Business Owners  |o CIS 2016 H341-27  |w cis20162439 
856 4 0 |u http://proxy.library.tamu.edu/login?url=http://search.proquest.com/congcomp/getdoc?HEARING-ID=HRG-2015-HEW-0014  |y Electronic resource (PDF)  |z CIS 2016-H341-27  |t 0 
998 |a cis20162439 
999 f f |s ef802b39-8244-3c7a-afcf-9979235c9573  |i f9d8d5f7-79f5-3f0a-9b8a-3d92470c8da7  |t 0 
952 f f |a Texas A&M University  |b College Station  |c Electronic Resources  |d Available Online  |t 0  |e Y 4.ED 8/1:114-25  |h Superintendent of Documents classification 
998 f f |a Y 4.ED 8/1:114-25  |t 0  |l Available Online